00824nam a22002177a 450000500170000001000150001702000270003202000240005903500130008303700130009608200120010924501310012126000450025227000650029730000350036250000190039770000180041694200260043499900170046095201290047720140808110005.0 aENG-110247 a9780198097532c2495.00 a0198097530c2495.00 aEN-93779 bDBAD/PUB a338.954 aThe Oxford handbook of the Indian economy in the 21st century :bunderstanding the inherent dynamism /cedited by Ashima Goyal aNew DelhibOxford University Pressc2014 aYMCA Library Building, 1 Jai Singh Road bNew Delhie110001 alxxiii,965p. :c24cm(Hb)bill. aIncludes index aGoyal, Ashima 2ddccENmOXFh338.954 c85118d85118 001040718NFICaDBADbDBADd2014-06-13eENG-110247g2495.00l0o338.954 OXFpEN-93779r2014-06-13 00:00:00t1v2495.00yEN